| 000 | 01046nam a2200313 a 4500 | ||
|---|---|---|---|
| 001 | 25504 | ||
| 003 | CO-ViMGA | ||
| 005 | 20230915232101.0 | ||
| 008 | 141112s2004 ck r 000 u spa d | ||
| 015 | _ack - 2005 - xxxx | ||
| 020 | _a9586169154 | ||
| 035 | _aAJC1816 LA | ||
| 040 |
_aCO-ViMGA _bspa _cCO-ViMGA |
||
| 041 | _aspa | ||
| 043 | _as - ck - - - | ||
| 082 | 0 | 4 | _a347.4 S15n |
| 100 | 1 |
_aSanabria Santos, Henry Norberto. _938944 |
|
| 245 | 1 | 0 |
_aNulidades en el proceso civil / _cHenry Sanabria Santos. |
| 260 |
_aBogotá : _bUniversidad Externado de Colombia, _c2011 |
||
| 300 | _a474 p. ; 24 cm. | ||
| 500 | _aIncluye bibliografía | ||
| 504 | _aIncluye bibliografía. | ||
| 650 | 1 | 4 | _aDerecho civil |
| 650 | 1 | 4 |
_aNulidad (Derecho) - Colombia. _938945 |
| 650 | 1 | 4 |
_aProcedimiento civil _948794 |
| 942 |
_2ddc _cBK |
||
| 949 | _ac c | ||
| 999 |
_c33087 _d33087 |
||